000
00266nam a22001097a 4500
008
170118b xxu||||| |||| 00| 0 eng d
020
_a
9781578010974
041
_a
eng
080
_a
618.2
245
_a
NURSING CARE OF THE OLDER ADULT
_c
FITZSIMMONS, S
942
_2
udc
_c
BK
999
_c
3115
_d
3115